000 01281nam a2200361 a 4500
001 000563
003 DO-SdBPM
005 20250827135501.0
007 ta
008 090819s2003 sp 000 spa d
020 _a8420457795
040 _aDO-SdBPM
_bspa
_cBPMSU
_erda
_drda
082 4 _a741.5
_bT969h 2003
_222
100 1 _a Twain, Mark
_d1835-1910.
_eautor
245 1 4 _aHuckleberry Finn /
_cMark Twain ; adaptación Teresa Imbernón ; ilustración Lorenzo Rodríguez
250 _a4a. ed.
260 _b
_c
264 _aMadrid :
_bGrupo Santillana de Ediciones,
_c2003
300 _a95 páginas :
_bilustraciones ;
_c25 cm.
336 _atexto
_btxt
_2rdacontent
337 _asin mediación
_bn
_2rdamediacion
338 _avolumen
_bnc
_2 rdacarrier
490 0 _a Historia de siempre
_v
590 _aInventariado, 2025/VM
600 1 4 _aTwain, Mark,
_d1835-1910
_tLas aventuras de Huckleberry Finn
_vAdaptaciones gráficas.
650 7 _aNovela de aventuras
_xTiras cómicas, historietas, etc
650 7 _aNovela gráficas estadounidense.
_v
650 7 _aAventura
_vNovela gráfica.
700 1 _a Imbernón,Teresa
_eadaptación
700 1 _aRodríguez, Lorenzo
_eilustración
910 _aVMateo V. Control de calidad BPMSU
942 _2ddc
_cBK
999 _c15353
_d15353